Databázové systémy /

Guardado en:
Detalles Bibliográficos
Autores principales: Lochovsky, Frederick H (Autor), Tsichritzis, Dionysios C (Autor)
Formato: Libro
Lenguaje:checo
Publicado: Praha : SNTL, 1987
Etiquetas: Agregar Etiqueta
Sin Etiquetas, Sea el primero en etiquetar este registro!

MARC

LEADER 00000nam a22000003a 4500
001 stu8613
005 20150617225803.5
008 960308s1987----cs------------------cze-d
040 |a STU  |b slo 
041 0 |a cze 
044 |a cs 
080 |a 681.324 
080 |a 681.32.016 
080 |a 519.683.5 
080 |a 004.65  |7 stu_us_auth*stu8852 
100 1 |a Lochovsky, Frederick H  |4 aut 
245 1 |a Databázové systémy /  |c [aut.] Tsichritzis,D.C.; Lochovsky,F.H 
260 |a Praha :  |b SNTL,  |c 1987 
300 |a 383 s 
700 1 |a Tsichritzis, Dionysios C  |4 aut 
996 |b 284J008290  |c J*80042  |l JJSK  |s A  |a 24  |w stu8613_0001 
996 |c I*10DS3485  |l I  |s A  |a 24  |w stu8613_0002